| 000 | 00429cam a22001571 4500 | ||
|---|---|---|---|
| 005 | 20250901165234.0 | ||
| 008 | 720619s1961 nyu 000 0 eng | ||
| 010 | _a 60053170 | ||
| 050 | 0 | 0 |
_aQC6 .S65 _b.S65 |
| 082 | _a530.101 | ||
| 100 | 1 |
_aSmith, Vincent Edward, _d1915- _eed. |
|
| 245 | 0 | 4 | _aThe philosophy of physics. |
| 260 |
_aJamaica, N.Y., _bSt. John's University Press _c[1961] |
||
| 300 |
_a82 p. _c23 cm. |
||
| 942 | _2ddc | ||
| 999 |
_c819 _d819 |
||